000 00579nam a2200193Ia 4500
005 20250508164911.0
008 008 250505s9999 xx 000 0 hin d
037 _aDissertations
040 _aFEDL
_beng
_cFEDL
041 _ahin
_2eng
084 _a373, SHU/DI
_qFEDL
100 _aShubhra Varun
245 0 _aUchyethar madhyamik ster par vishye-sankul ke chayan ko prabhavit karne vale karko ka addhyan
260 _c2001
300 _a81p.
546 _aM.Ed. Dissertation (Delhi University)
942 _cDIS
_h373, SHU/DI
999 _c1391892
_d1391892